MARC

LEADER 00000nam0a2200000 4500
001 371456
005 20231102012400.0
035 |a (RuTPU)RU\TPU\retro\28866 
090 |a 371456 
100 |a 20221020d1978 km y0rusy50 ca 
101 0 |a rus 
102 |a RU 
105 |a a z 001zy 
200 1 |a Орбиты спутников связи  |f Г. М. Чернявский, В. А. Бартенев 
210 |a Москва  |c Связь  |d 1978 
215 |a 240 с.  |c ил. 
320 |a Библиогр.: с. 237-238 
606 1 |a Спутники связи  |2 stltpush  |3 (RuTPU)RU\TPU\subj\56084  |9 74015 
610 1 |a орбиты 
610 1 |a радиосигналы 
610 1 |a трансляция 
610 1 |a каналы связи 
610 1 |a сигналы 
610 1 |a формирование 
610 1 |a земные станции 
610 1 |a работа 
610 1 |a обеспечение 
675 |a 629.783  |v 4 
700 1 |a Чернявский  |b Г. М.  |g Григорий Маркелович 
701 1 |a Бартенев  |b В. А.  |g Владимир Афанасьевич 
801 1 |a RU  |b 63413507  |c 20221020 
801 2 |a RU  |b 63413507  |c 20221020  |g RCR 
942 |c BK